Smíšené týmy robotů a lidí dokážou mnohem víc

Rozhovor s Michaelom Šebekom vedúcim Katedry riadiacej techniky Elektrotechnickej fakulty ČVUT a zároveň jedným zo zakladateľov Robosúťaže v ČR. Spolupráca katedry vo vývoji a výskume s firmami, ktoré v robotizácii udávajú tón. Výchova odborníkov pre budúcnosť.

Salvato in:
Dettagli Bibliografici
Autore principale: Kazdová, Alena
Altri autori: Šebek, Michael
Natura: Capitolo di libro
Lingua:ceco
Soggetti:
Tags: Aggiungi Tag
Nessun Tag, puoi essere il primo ad aggiungerne!!

MARC

LEADER 00000naa a2200000 4500
001 0242673
005 20180509101456.1
041 0 |a cze 
044 |a CZ 
245 1 0 |a Smíšené týmy robotů a lidí dokážou mnohem víc  |c Alena Kazdová, Michael Šebek 
520 |a Rozhovor s Michaelom Šebekom vedúcim Katedry riadiacej techniky Elektrotechnickej fakulty ČVUT a zároveň jedným zo zakladateľov Robosúťaže v ČR. Spolupráca katedry vo vývoji a výskume s firmami, ktoré v robotizácii udávajú tón. Výchova odborníkov pre budúcnosť. 
610 2 0 |a vzdelávanie 
610 2 0 |a vzdelávanie vysokoškolské 
610 2 0 |a informatika 
610 2 0 |a robotizácia 
610 2 0 |a roboty 
610 2 0 |a výskum 
610 2 0 |a vývoj 
100 1 |a Kazdová, Alena 
700 1 |a Šebek, Michael